[Event "Struga Lake Queen U14 op"]
[Site "Struga"]
[Date "2022.09.07"]
[Round "1"]
[White "Melnik, Stefan"]
[Black "Valentinov, Aleksandar"]
[Result "0-1"]
[WhiteElo "1043"]
[BlackElo "1371"]
[PlyCount "36"]
[EventDate "2022.09.07"]
[EventType "swiss"]
[EventRounds "7"]
[EventCountry "MKD"]
[SourceTitle "EXT 2023"]
[Source "ChessBase"]
[SourceDate "2022.10.05"]
[SourceVersion "1"]
[SourceVersionDate "2022.10.05"]
[SourceQuality "1"]

1. e4 c5 2. Nf3 d6 3. Bb5+ Bd7 4. Bxd7+ Nxd7 5. d4 cxd4 6. Nxd4 Ngf6 7. Nc3 g6 8. Be3 Bg7 9. Qd2 0-0 10. 0-0-0 Ne5 11. f3 Nc4 12. Qd3 Nxe3 13. Qxe3 a6 14. e5 Ne8 15. exd6 Nxd6 16. h4 Nc4 17. Qe4 Qb6 18. b3 Rad8 0-1